Science Quiz

Random Science or Chemistry Quiz

Amino Acids by Structure Quiz Stats

Quiz Updated Jul 25, 2016

Also try: Parts of the Brain
Challenge
Share
Tweet
Score 0/20 Timer 10:00
22 Plays Today
% Correct
methionine
81.3%
proline
77%
phenylalanine
76.5%
glycine
75.9%
tryptophan
74.2%
cysteine
73.6%
alanine
73.1%
tyrosine
71.6%
glutamic acid
70.1%
isoleucine
69.5%
% Correct
histidine
68.2%
lysine
67.8%
glutamine
67.1%
aspartic acid
66.7%
leucine
66.6%
serine
66.4%
arginine
64.1%
valine
63.7%
threonine
59.8%
asparagine
58%

You're not logged in!

Compare scores with friends on all Sporcle quizzes.
Join for Free
OR
Log In

You Might Also Like...

Show Comments

Extras

Top Quizzes Today


Score Distribution

Your Account Isn't Verified!

In order to create a playlist on Sporcle, you need to verify the email address you used during registration. Go to your Sporcle Settings to finish the process.

Report this User

Report this user for behavior that violates our Community Guidelines.

Details: